[Event "DEM U12 2005"]
[Site "Willingen GER"]
[Date "2005.05.20"]
[Round "10"]
[White "Höfer, Michael"]
[Black "Weissbeck, Simon"]
[Result "1/2-1/2"]
[Termination "normal"]
[Board "26"]
[WhiteElo "1507"]
[BlackElo "1439"]
[PlyCount "103"]
[WhiteFideId "24668850"]
[BlackFideId "24646865"]
[EventCountry "GER"]
[EventRounds "11"]
[EventType "swiss"]
[EventDate "2005.05.15"]

1. e4 e6 2. d4 d5 3. exd5 exd5 4. Nf3 Bd6 5. Nc3 Ne7 6. Bg5 Be6 7. Bb5+ c6 8.
Bd3 O-O 9. O-O h6 10. Bh4 Nd7 11. Re1 Nb6 12. Bxe7 Bxe7 13. Ne5 Bf6 14. Ng6 Re8
15. Ne5 Qc7 16. f4 Bxe5 17. fxe5 c5 18. Nb5 Qc6 19. Nd6 Red8 20. Bb5 Qc7 21. c3
Nc8 22. Nxc8 Raxc8 23. Kh1 cxd4 24. Qxd4 Qc5 25. Bd3 a6 26. Qxc5 Rxc5 27. Kg1
Rc7 28. h3 Re7 29. Kf2 Rde8 30. Ke3 Bd7 31. Kd4 Bc6 32. a4 f6 33. Bg6 fxe5+ 34.
Ke3 Rd8 35. b3 Be8 36. Bf5 Bf7 37. Rab1 Rde8 38. h4 d4+ 39. cxd4 exd4+ 40. Kd2
Rxe1 41. Rxe1 Rxe1 42. Kxe1 Bxb3 43. a5 Kf7 44. Bc8 Kf6 45. Bxb7 Bc4 46. Bf3
Ke5 47. g3 Bd5 48. Be2 Bb7 49. Bd3 g5 50. hxg5 hxg5 51. Kd2 Bc8 52. Ke2 1/2-1/2

[Event "DEM U12 2005"]
[Site "Willingen GER"]
[Date "2005.05.20"]
[Round "10"]
[White "Tantzen, Cedric"]
[Black "Kammrad, Carolin"]
[Result "1-0"]
[Termination "normal"]
[Board "27"]
[WhiteElo "1538"]
[BlackElo "1385"]
[PlyCount "105"]
[WhiteFideId "24640018"]
[EventCountry "GER"]
[EventRounds "11"]
[EventType "swiss"]
[EventDate "2005.05.15"]

1. e4 c5 2. Nf3 Nc6 3. d4 cxd4 4. Nxd4 e5 5. Nf3 d6 6. h3 Be6 7. Nc3 Nge7 8.
Bb5 a6 9. Ba4 b5 10. Bb3 Ng6 11. O-O Be7 12. Bd5 Rc8 13. Be3 O-O 14. Qd2 Qd7
15. Bxe6 fxe6 16. Rad1 Qc7 17. a3 Na5 18. Qc1 Nc4 19. Bd2 Nxd2 20. Qxd2 Nf4 21.
Rc1 Qd8 22. Ne2 Bg5 23. Nxg5 Qxg5 24. Nxf4 exf4 25. Qxd6 Rf6 26. Qd3 Rg6 27.
Qf3 Qe5 28. c3 Rf8 29. Rcd1 Qc5 30. Kh1 Rg5 31. Rd4 e5 32. Rd5 Qc4 33. Qd3 Qxd3
34. Rxd3 Rg6 35. Rfd1 Re6 36. Rd6 Rfe8 37. Rxe6 Rxe6 38. Rd5 Kf7 39. b3 Kf6 40.
c4 bxc4 41. bxc4 Rc6 42. c5 Ke6 43. Kg1 g5 44. Kf1 h5 45. Ke2 g4 46. hxg4 hxg4
47. Kd3 Kf6 48. Kc4 Ke6 49. Kb4 Kf6 50. Rd6+ Rxd6 51. cxd6 Ke6 52. Kc5 Kd7 53.
Kd5 1-0

[Event "DEM U12 2005"]
[Site "Willingen GER"]
[Date "2005.05.20"]
[Round "10"]
[White "Müller, Tobias"]
[Black "Orhan, Eda"]
[Result "1-0"]
[Termination "normal"]
[Board "28"]
[WhiteElo "1493"]
[BlackElo "1366"]
[PlyCount "71"]
[WhiteFideId "24643394"]
[BlackFideId "24659258"]
[EventCountry "GER"]
[EventRounds "11"]
[EventType "swiss"]
[EventDate "2005.05.15"]

1. e4 c5 2. Nf3 a6 3. d4 cxd4 4. Nxd4 Nf6 5. Nc3 e5 6. Nb3 Bb4 7. Qd3 O-O 8.
Bd2 Nc6 9. f3 Re8 10. O-O-O Qc7 11. Bg5 Be7 12. Bxf6 Bxf6 13. Kb1 Nb4 14. Qd2
a5 15. a3 Nc6 16. h4 Nd4 17. Nd5 Qc6 18. Nxf6+ Qxf6 19. Nxd4 exd4 20. Qxd4 Qxd4
21. Rxd4 Rd8 22. Bb5 b6 23. Rhd1 Ra7 24. Rd6 Rb7 25. Ba6 Rc7 26. Bxc8 Rcxc8 27.
Rxd7 Rxd7 28. Rxd7 Rb8 29. c3 h6 30. Kc2 b5 31. Rd5 Kh7 32. g4 f6 33. Kd3 a4
34. Kd4 Kg8 35. Kc5 Rc8+ 36. Kb4 1-0

[Event "DEM U12 2005"]
[Site "Willingen GER"]
[Date "2005.05.20"]
[Round "10"]
[White "Wolf, Isaak"]
[Black "Dürre, Gregor"]
[Result "0-1"]
[Termination "normal"]
[Board "29"]
[WhiteElo "1470"]
[BlackElo "1319"]
[PlyCount "58"]
[EventCountry "GER"]
[EventRounds "11"]
[EventType "swiss"]
[EventDate "2005.05.15"]

1. e4 c5 2. Nf3 Nc6 3. d4 cxd4 4. Nxd4 Nf6 5. Nc3 e5 6. Ndb5 d6 7. Bg5 a6 8.
Na3 b5 9. Bxf6 gxf6 10. Nd5 Bg7 11. Qf3 Nd4 12. Qd3 f5 13. Qg3 O-O 14. c3 f4
15. Qd3 Ne6 16. Nc2 Nc5 17. Qf3 f5 18. Bd3 Qg5 19. Nb6 fxe4 20. Bxe4 Bg4 21. h4
Qh5 22. Bxh7+ Kxh7 23. Qd5 Rad8 24. f3 Bf5 25. O-O-O Qg6 26. Qd2 Nd3+ 27. Kb1
d5 28. Nxd5 Rxd5 29. h5 Qe6 0-1

[Event "DEM U12 2005"]
[Site "Willingen GER"]
[Date "2005.05.20"]
[Round "10"]
[White "Schätz, Annika"]
[Black "Pantusenko, Valeria"]
[Result "1-0"]
[Termination "normal"]
[Board "30"]
[WhiteElo "1386"]
[BlackElo "1459"]
[PlyCount "87"]
[WhiteFideId "24674796"]
[BlackFideId "4662920"]
[EventCountry "GER"]
[EventRounds "11"]
[EventType "swiss"]
[EventDate "2005.05.15"]

1. e4 e5 2. Nf3 Nc6 3. Bc4 Nf6 4. d4 exd4 5. O-O Nxe4 6. Re1 d5 7. Bxd5 Qxd5 8.
Nc3 Qa5 9. Nxe4 Be6 10. Neg5 O-O-O 11. Nxe6 fxe6 12. Rxe6 Bd6 13. Bg5 Rdf8 14.
Qe2 h6 15. Bd2 Qc5 16. c3 g5 17. Nxd4 Nxd4 18. cxd4 Qxd4 19. Bc3 Qa4 20. Bxh8
Rxh8 21. Rc1 Rd8 22. Rxh6 Kb8 23. Qh5 Bf4 24. Rh8 Kc8 25. Qg4+ Qd7 26. Rd1
Bxh2+ 27. Kf1 Bd6 28. Rxd8+ Kxd8 29. Qxg5+ Qe7 30. Qd5 Kc8 31. Qg8+ Qd8 32.
Qxd8+ Kxd8 33. g4 Ke7 34. Re1+ Kf6 35. f3 Kg5 36. Kg2 a5 37. b3 b6 38. Rd1 Kf4
39. Rxd6 cxd6 40. Kf2 b5 41. Ke2 d5 42. Kd3 Ke5 43. g5 d4 44. g6 1-0

[Event "DEM U12 2005"]
[Site "Willingen GER"]
[Date "2005.05.20"]
[Round "10"]
[White "Hubbuch, Fabian"]
[Black "Popov, Xenia"]
[Result "0-1"]
[Termination "normal"]
[Board "31"]
[WhiteElo "1452"]
[BlackElo "1306"]
[PlyCount "94"]
[EventCountry "GER"]
[EventRounds "11"]
[EventType "swiss"]
[EventDate "2005.05.15"]

1. e4 e6 2. d4 d5 3. Nc3 Bb4 4. e5 c5 5. Bd2 Nc6 6. Nb5 Bxd2+ 7. Qxd2 Nge7 8.
Nd6+ Kd7 9. Nxf7 Qf8 10. Nxh8 Nxd4 11. c3 Ndc6 12. Nf3 Qxh8 13. Be2 Qf8 14. O-O
Ke8 15. c4 b6 16. a3 Kf7 17. Qf4+ Kg8 18. Qxf8+ Kxf8 19. Rae1 Ng6 20. Bd3 Bb7
21. Bxg6 hxg6 22. cxd5 exd5 23. Rd1 Ne7 24. Rfe1 d4 25. Ng5 Kg8 26. h3 Rf8 27.
b4 Bd5 28. Rc1 c4 29. Red1 d3 30. Kf1 b5 31. g3 Rf5 32. f4 Rf8 33. Kf2 Nf5 34.
Rd2 Nd4 35. h4 Nb3 36. Rcd1 Nxd2 37. Rxd2 Rc8 38. Ke3 c3 39. Rd1 d2 40. Rg1 Bb3
41. Ke2 d1=Q+ 42. Rxd1 Bxd1+ 43. Kxd1 c2+ 44. Kc1 Rc3 45. Ne4 Rxa3 46. Kxc2 Re3
47. Nd6 a6 0-1

[Event "DEM U12 2005"]
[Site "Willingen GER"]
[Date "2005.05.20"]
[Round "10"]
[White "Nguyen Minh, Thuy"]
[Black "Mertens, Fridolin"]
[Result "1-0"]
[Termination "normal"]
[Board "32"]
[WhiteElo "1328"]
[BlackElo "1443"]
[PlyCount "107"]
[WhiteFideId "24672688"]
[BlackFideId "24671940"]
[EventCountry "GER"]
[EventRounds "11"]
[EventType "swiss"]
[EventDate "2005.05.15"]

1. e4 c5 2. Nf3 d6 3. d4 cxd4 4. Nxd4 Nf6 5. Nc3 a6 6. Be3 e5 7. Nb3 Be6 8. Be2
Be7 9. Qd2 Nbd7 10. f3 O-O 11. O-O Qc7 12. Rad1 Rfe8 13. Qd3 b5 14. a3 Red8 15.
Nd5 Bxd5 16. exd5 Nc5 17. Qc3 Rac8 18. Rd2 Qb7 19. Na5 Qa8 20. Nc6 Nxd5 21.
Nxe7+ Nxe7 22. Bxc5 Rxc5 23. Qb4 Nc6 24. Qb3 Nd4 25. Qd3 Qa7 26. Kh1 Qc7 27.
Bd1 Ne6 28. c3 Qe7 29. Bc2 g6 30. Re1 Nf4 31. Qe4 Qg5 32. g3 Ne6 33. Red1 Qe7
34. h4 f5 35. Qb4 Rc6 36. a4 Rc4 37. Qa3 Nc5 38. axb5 axb5 39. Qa5 b4 40. cxb4
Nb7 41. Qd5+ Qf7 42. Qxf7+ Kxf7 43. Bb3 Rdc8 44. Bxc4+ Rxc4 45. b5 Rb4 46. Rc2
Rxb5 47. Kh2 d5 48. Rdc1 Nd8 49. Kh3 Ne6 50. Ra1 Kg7 51. Rc6 Nd4 52. Ra7+ Kh6
53. Rcc7 g5 54. Ra6+ 1-0

[Event "DEM U12 2005"]
[Site "Willingen GER"]
[Date "2005.05.20"]
[Round "10"]
[White "Kreutzer, Alexander"]
[Black "Kazman, Caner"]
[Result "0-1"]
[Termination "normal"]
[Board "33"]
[WhiteElo "1442"]
[BlackElo "1283"]
[PlyCount "74"]
[WhiteFideId "24670685"]
[BlackFideId "24684953"]
[EventCountry "GER"]
[EventRounds "11"]
[EventType "swiss"]
[EventDate "2005.05.15"]

1. d4 Nf6 2. c4 g6 3. Nc3 Bg7 4. Nf3 d6 5. Bf4 O-O 6. e3 Bf5 7. Bd3 Bxd3 8.
Qxd3 Nbd7 9. O-O c5 10. d5 Nh5 11. Bg5 Qc7 12. Bxe7 Ne5 13. Nxe5 Qxe7 14. Nf3
Nf6 15. Rfe1 Rab8 16. e4 Rfe8 17. e5 dxe5 18. Rxe5 Qc7 19. Rae1 Rxe5 20. Nxe5
Re8 21. Nb5 Rxe5 22. Rd1 Qe7 23. Kf1 a6 24. Nc3 Qd7 25. b3 Ng4 26. h3 Nf6 27.
Na4 Qd6 28. Qg3 Nh5 29. Qg4 b5 30. Nc3 Re8 31. Ne4 Qc7 32. d6 Qb6 33. Qg5 Rxe4
34. d7 Bf6 35. d8=Q+ Bxd8 36. Rxd8+ Kg7 37. g4 Nf6 0-1

[Event "DEM U12 2005"]
[Site "Willingen GER"]
[Date "2005.05.20"]
[Round "10"]
[White "Wild, Katharina"]
[Black "Schiffner, Kevin"]
[Result "0-1"]
[Termination "normal"]
[Board "34"]
[WhiteElo "1294"]
[BlackElo "1429"]
[PlyCount "68"]
[WhiteFideId "24678015"]
[BlackFideId "24674940"]
[EventCountry "GER"]
[EventRounds "11"]
[EventType "swiss"]
[EventDate "2005.05.15"]

1. c4 e5 2. Nc3 Nf6 3. Nf3 Nc6 4. g3 Bc5 5. Bg2 d6 6. O-O Bg4 7. a3 a6 8. b4
Ba7 9. d3 O-O 10. Bd2 Rb8 11. Rc1 Nd4 12. Be3 Nxf3+ 13. exf3 Bxe3 14. fxe3 Be6
15. Ne2 c5 16. d4 Qb6 17. dxe5 dxe5 18. Qb3 cxb4 19. axb4 Rfd8 20. Qc3 Qc7 21.
c5 Rbc8 22. Rfd1 h6 23. Rxd8+ Rxd8 24. c6 bxc6 25. Qxc6 Qxc6 26. Rxc6 Rb8 27.
Rxa6 Bc4 28. Ra5 Bxe2 29. Rxe5 Rxb4 30. Bh3 Bxf3 31. Ra5 Rb3 32. Rc5 Bb7 33.
Bf5 g6 34. Bb1 Rxb1+ 0-1

[Event "DEM U12 2005"]
[Site "Willingen GER"]
[Date "2005.05.20"]
[Round "10"]
[White "Schwarzat, Julian"]
[Black "Marx, Joschka"]
[Result "1-0"]
[Termination "normal"]
[Board "35"]
[WhiteElo "1185"]
[BlackElo "1419"]
[PlyCount "74"]
[WhiteFideId "24675857"]
[BlackFideId "24645869"]
[EventCountry "GER"]
[EventRounds "11"]
[EventType "swiss"]
[EventDate "2005.05.15"]

1. e4 c5 2. Nf3 d6 3. d4 cxd4 4. Nxd4 Nf6 5. Nc3 g6 6. Be3 Bg7 7. f3 O-O 8. Qd2
Nc6 9. h4 Bd7 10. g4 h5 11. gxh5 Nxh5 12. O-O-O Rc8 13. Rg1 Qa5 14. a3 Nxd4 15.
Bxd4 Bxd4 16. Qxd4 Rxc3 17. Qxc3 Qxc3 18. bxc3 Rc8 19. Kd2 Kg7 20. Rb1 Bc6 21.
Bb5 Kf6 22. Bxc6 bxc6 23. Rb7 Ra8 24. Rc7 Ke6 25. Rxc6 Kd7 26. Rc4 Rb8 27. Rb4
Kc7 28. Rxb8 Kxb8 29. Ke3 Kc7 30. f4 Kd7 31. Rg5 Nf6 32. Ra5 e5 33. Rxa7+ Ke6
34. f5+ gxf5 35. exf5+ Kxf5 36. Rxf7 Ke6 37. Rxf6+ Kxf6 1-0

[Event "DEM U12 2005"]
[Site "Willingen GER"]
[Date "2005.05.20"]
[Round "10"]
[White "Lindner, Robert"]
[Black "Gheng, Hannelore"]
[Result "1-0"]
[Termination "normal"]
[Board "36"]
[WhiteElo "1391"]
[BlackElo "1233"]
[PlyCount "73"]
[WhiteFideId "24658847"]
[EventCountry "GER"]
[EventRounds "11"]
[EventType "swiss"]
[EventDate "2005.05.15"]

1. e4 c5 2. c3 Nf6 3. e5 Nd5 4. d4 d6 5. Nf3 e6 6. Be2 Be7 7. O-O O-O 8. Bd2
Nc6 9. Na3 a6 10. Nc4 b5 11. exd6 Bxd6 12. Nxd6 Qxd6 13. Bg5 f6 14. Bh4 c4 15.
Bg3 Nf4 16. Kh1 e5 17. Bxf4 exf4 18. Nd2 Ne7 19. Bf3 Ra7 20. Ne4 Qe6 21. Nc5
Qf5 22. Re1 Nd5 23. h4 Rd8 24. Be4 Nxc3 25. bxc3 Qg4 26. Qxg4 Bxg4 27. Bb7 a5
28. Rab1 Bd7 29. Nxd7 Rxd7 30. Bc6 Rd6 31. Bxb5 Rc7 32. Ba4 Rd5 33. Rb8+ Kf7
34. Be8+ Kf8 35. Bh5+ Rc8 36. Re8+ Rxe8 37. Rxe8# 1-0

[Event "DEM U12 2005"]
[Site "Willingen GER"]
[Date "2005.05.20"]
[Round "10"]
[White "Schulz, Anja"]
[Black "Micklich, Rahel"]
[Result "1-0"]
[Termination "normal"]
[Board "37"]
[WhiteElo "1444"]
[BlackElo "1294"]
[PlyCount "45"]
[WhiteFideId "24647845"]
[BlackFideId "24639184"]
[EventCountry "GER"]
[EventRounds "11"]
[EventType "swiss"]
[EventDate "2005.05.15"]

1. e4 c5 2. Nf3 d6 3. d4 cxd4 4. Nxd4 Nf6 5. Nc3 a6 6. Be3 e6 7. f3 Be7 8. Qd2
b5 9. O-O-O Bb7 10. g4 Qc7 11. Kb1 d5 12. g5 Nfd7 13. exd5 exd5 14. Nf5 Qe5 15.
Nxe7 Qxe7 16. Re1 O-O 17. Nxd5 Qd6 18. Nf6+ Qxf6 19. gxf6 Nxf6 20. Qg2 Re8 21.
Bd3 Nc6 22. Bh6 g6 23. Qg5 1-0

[Event "DEM U12 2005"]
[Site "Willingen GER"]
[Date "2005.05.20"]
[Round "10"]
[White "Dilz, Jasmin"]
[Black "Meyer, Stephan"]
[Result "1-0"]
[Termination "normal"]
[Board "38"]
[WhiteElo "1138"]
[BlackElo "1395"]
[PlyCount "143"]
[EventCountry "GER"]
[EventRounds "11"]
[EventType "swiss"]
[EventDate "2005.05.15"]

1. b4 e5 2. Bb2 d6 3. b5 Be6 4. e3 Nf6 5. a4 Nbd7 6. c4 Be7 7. Nc3 c6 8. d3 Rc8
9. Qb3 O-O 10. Rc1 d5 11. Na2 dxc4 12. dxc4 cxb5 13. axb5 Nc5 14. Qc3 Nfd7 15.
Nf3 Na4 16. Qb3 Ndc5 17. Qc2 Bxc4 18. Bxc4 Nd3+ 19. Qxd3 Qxd3 20. Bxd3 Nxb2 21.
Be2 Bb4+ 22. Nd2 Rxc1+ 23. Nxc1 Rd8 24. Ncb3 Nd3+ 25. Kf1 Bxd2 26. Nxd2 Nc1 27.
Ke1 Rc8 28. f3 Nd3+ 29. Bxd3 Rc1+ 30. Kf2 Rxh1 31. Nf1 h6 32. g3 g5 33. Kg2
Rxf1 34. Kxf1 f6 35. Ke2 Kf7 36. Kd2 Ke6 37. Kc3 Kd5 38. Be4+ Kc5 39. Bxb7 Kxb5
40. Kd3 Kc5 41. Ke4 a5 42. Bd5 f5+ 43. Kxe5 a4 44. Bg8 a3 45. Kxf5 Kd6 46. Kg6
a2 47. Bxa2 g4 48. f4 h5 49. Kxh5 Ke7 50. Kxg4 Kf6 51. h4 Kg6 52. f5+ Kf6 53.
e4 Ke5 54. Kg5 Kd6 55. Kg6 Ke7 56. Kg7 Kd6 57. f6 Ke5 58. f7 Kxe4 59. f8=Q Ke5
60. Kg6 Ke4 61. Bd5+ Kxd5 62. Qe8 Kd6 63. Kf6 Kd5 64. Qe5+ Kc4 65. Qd6 Kc3 66.
Ke5 Kc4 67. Qd4+ Kb5 68. Qc3 Kb6 69. Kd6 Kb5 70. Qc5+ Ka6 71. Qb4 Ka7 72. Kc7
1-0

[Event "DEM U12 2005"]
[Site "Willingen GER"]
[Date "2005.05.20"]
[Round "10"]
[White "Wapenhans, Martin"]
[Black "Risius, Philipp"]
[Result "0-1"]
[Termination "normal"]
[Board "39"]
[WhiteElo "1416"]
[BlackElo "1429"]
[PlyCount "80"]
[BlackFideId "24630330"]
[EventCountry "GER"]
[EventRounds "11"]
[EventType "swiss"]
[EventDate "2005.05.15"]

1. d4 f5 2. g3 Nf6 3. Bg2 c6 4. c4 e6 5. Nc3 d5 6. c5 b6 7. b4 Nbd7 8. Nf3 h6
9. Bf4 g5 10. Be5 g4 11. Bxf6 Qxf6 12. Nh4 Bg7 13. e3 e5 14. Ne2 Ba6 15. O-O e4
16. Re1 Bxe2 17. Qxe2 O-O 18. cxb6 axb6 19. b5 c5 20. dxc5 Nxc5 21. Rec1 Nb3
22. Rab1 Nxc1 23. Rxc1 Rfc8 24. Rd1 Rc5 25. Bf1 Rac8 26. Ng2 Rc2 27. Rd2 Qb2
28. Rxc2 Rxc2 29. Qd1 d4 30. Nf4 d3 31. Nxd3 exd3 32. Qxd3 Rd2 33. Qxf5 Qf6 34.
Bc4+ Kh8 35. Qc8+ Qf8 36. Qxf8+ Bxf8 37. Kf1 Kg7 38. Ke1 Bb4 39. Kf1 Kf6 40.
Bb3 Ke5 0-1

[Event "DEM U12 2005"]
[Site "Willingen GER"]
[Date "2005.05.20"]
[Round "10"]
[White "Mytyukova, Yevgeniya"]
[Black "Lebek, Ricarda"]
[Result "0-1"]
[Termination "normal"]
[Board "40"]
[WhiteElo "1201"]
[BlackElo "1394"]
[PlyCount "100"]
[BlackFideId "4624688"]
[EventCountry "GER"]
[EventRounds "11"]
[EventType "swiss"]
[EventDate "2005.05.15"]

1. e4 e6 2. Nf3 d5 3. exd5 exd5 4. d4 Bd6 5. Bd3 Nc6 6. c3 Nge7 7. O-O Bg4 8.
Bg5 f6 9. Be3 Qd7 10. Re1 O-O-O 11. Na3 Nf5 12. Rb1 Nh4 13. Be2 Bxf3 14. Bxf3
Nxf3+ 15. Qxf3 Rhe8 16. Qd1 Ne7 17. Qd3 Nf5 18. Bd2 Nh4 19. h3 h5 20. Nc2 g5
21. b3 g4 22. hxg4 Qxg4 23. Qh3 Qxh3 24. gxh3 Nf3+ 25. Kf1 Nxd2+ 26. Kg1 Rxe1+
27. Rxe1 Nf3+ 28. Kf1 Nxe1 29. Kxe1 Re8+ 30. Kd1 c5 31. dxc5 Bxc5 32. f3 Rd8
33. Kc1 d4 34. cxd4 Bxd4 35. Kb1 Be5 36. Ne3 Rd3 37. Nc4 Rxf3 38. h4 Rf4 39.
Kc2 Rxh4 40. Kd3 b5 41. Na3 a6 42. Ke3 Rh2 43. Nb1 Rxa2 44. Nd2 Rxd2 45. Kxd2
h4 46. Ke2 h3 47. Kf2 h2 48. Kg2 a5 49. Kh1 a4 50. bxa4 bxa4 0-1

[Event "DEM U12 2005"]
[Site "Willingen GER"]
[Date "2005.05.20"]
[Round "10"]
[White "Lauer, Florian"]
[Black "Garny, Annica"]
[Result "0-1"]
[Termination "normal"]
[Board "41"]
[WhiteElo "1382"]
[BlackElo "1259"]
[PlyCount "164"]
[WhiteFideId "12910074"]
[BlackFideId "24600660"]
[EventCountry "GER"]
[EventRounds "11"]
[EventType "swiss"]
[EventDate "2005.05.15"]

1. e4 e5 2. Bc4 Nf6 3. Nc3 Bc5 4. d3 d6 5. Na4 Bb6 6. Nxb6 axb6 7. Bg5 Qe7 8.
Qf3 Nbd7 9. Ne2 h6 10. Be3 Nf8 11. h3 Ne6 12. g4 Bd7 13. Ng3 g6 14. a3 Bc6 15.
O-O-O Ra5 16. Rhe1 d5 17. exd5 Nxd5 18. Bxd5 Bxd5 19. Ne4 Kd8 20. Qg3 f6 21.
Qf3 Ng5 22. Qxf6 Qxf6 23. Nxf6 Bf3 24. Rd2 Nxh3 25. d4 exd4 26. Bxd4 Kc8 27.
Rd3 Ng5 28. Rde3 Bc6 29. Ne4 Nxe4 30. Bxh8 Nxf2 31. Re6 Rg5 32. Bf6 Rxg4 33.
Bc3 h5 34. Rf6 Ne4 35. Rf8+ Kd7 36. Ref1 h4 37. R1f4 Rg1+ 38. Rf1 Rg4 39. Rg8
Nxc3 40. bxc3 h3 41. Rh8 Rg3 42. Kd2 Rg2+ 43. Kd3 Rg3+ 44. Kc4 Rg4+ 45. Kb3 Rg3
46. Rf7+ Ke6 47. Rfh7 Bd5+ 48. Kb2 Bg2 49. Rh6 c5 50. Rg8 Be4 51. Rg7 Ke5 52.
Rhh7 Kf4 53. Re7 Kf3 54. Rhf7+ Bf5 55. Rh7 Rg2 56. Rh8 Rxc2+ 57. Kb3 Rc1 58.
Reh7 Kg3 59. Kb2 Rh1 60. Rg7 h2 61. Rxb7 Rb1+ 62. Ka2 h1=Q 63. Rxh1 Rxh1 64.
Rxb6 Rc1 65. a4 Rxc3 66. a5 Be4 67. a6 Rf3 68. a7 Bd5+ 69. Kb2 c4 70. Rxg6+ Kf2
71. Rg8 c3+ 72. Kc2 Be4+ 73. Kc1 Ke2 74. Rg2+ Kd3 75. Rg1 Rf2 76. Rd1+ Rd2 77.
Rf1 Ra2 78. Rd1+ Kc4 79. a8=Q Bxa8 80. Rd8 Ra1+ 81. Kc2 Be4+ 82. Rd3 Bxd3# 0-1

[Event "DEM U12 2005"]
[Site "Willingen GER"]
[Date "2005.05.20"]
[Round "10"]
[White "Riabov, Igor"]
[Black "Rogasch, Miriam"]
[Result "1-0"]
[Termination "normal"]
[Board "42"]
[WhiteElo "1380"]
[BlackElo "774"]
[PlyCount "81"]
[BlackFideId "4616324"]
[EventCountry "GER"]
[EventRounds "11"]
[EventType "swiss"]
[EventDate "2005.05.15"]

1. d4 d5 2. c4 e6 3. Nc3 c6 4. Nf3 Nf6 5. Bg5 Be7 6. e3 Nbd7 7. cxd5 exd5 8.
Bd3 Nf8 9. O-O Ne6 10. Bh4 g6 11. a3 O-O 12. Rb1 Ng7 13. b4 b5 14. Ne5 Bb7 15.
Qc2 Nd7 16. Bxe7 Qxe7 17. f4 Nb6 18. a4 a6 19. axb5 axb5 20. Ne2 f6 21. Ng4 Bc8
22. Nh6+ Kh8 23. e4 dxe4 24. Bxe4 Bb7 25. f5 gxf5 26. Nxf5 Nxf5 27. Rxf5 Rac8
28. Rh5 Rf7 29. Nf4 Nd7 30. Ng6+ Kg7 31. Nxe7 Rxe7 32. Rxh7+ Kf8 33. Rh8+ Kg7
34. Rxc8 Bxc8 35. Bh7 Nf8 36. Bf5 Bb7 37. Qf2 Kf7 38. Re1 Rc7 39. Qg3 Re7 40.
Rxe7+ Kxe7 41. Qg7+ 1-0

[Event "DEM U12 2005"]
[Site "Willingen GER"]
[Date "2005.05.20"]
[Round "10"]
[White "Weißenburg, Isabel"]
[Black "Kreiter, Thomas"]
[Result "0-1"]
[Termination "normal"]
[Board "43"]
[WhiteElo "1146"]
[BlackElo "1312"]
[PlyCount "42"]
[WhiteFideId "4612922"]
[BlackFideId "24645591"]
[EventCountry "GER"]
[EventRounds "11"]
[EventType "swiss"]
[EventDate "2005.05.15"]

1. e4 e5 2. Bc4 Nf6 3. d4 exd4 4. Nf3 d5 5. exd5 Nxd5 6. Qxd4 Be6 7. O-O Nc6 8.
Qd1 Bc5 9. Re1 O-O 10. Ng5 Qf6 11. Nf3 Nce7 12. c3 Rad8 13. Bg5 Qg6 14. b4 Bd6
15. Bxd5 Bxd5 16. Bxe7 Bxe7 17. Rxe7 Be6 18. Nd4 Bg4 19. Qe1 Bh3 20. Qe4 Bf5
21. Qxf5 Qxf5 0-1

[Event "DEM U12 2005"]
[Site "Willingen GER"]
[Date "2005.05.20"]
[Round "10"]
[White "Stitterich, Nadine"]
[Black "Zimmerer, Leah"]
[Result "1-0"]
[Termination "normal"]
[Board "44"]
[WhiteElo "1301"]
[BlackElo "1243"]
[PlyCount "135"]
[WhiteFideId "24676527"]
[BlackFideId "4620240"]
[EventCountry "GER"]
[EventRounds "11"]
[EventType "swiss"]
[EventDate "2005.05.15"]

1. e4 c5 2. Nf3 Nc6 3. d4 cxd4 4. Nxd4 Nf6 5. Nc3 e5 6. Nxc6 bxc6 7. Bc4 Bb4 8.
f3 Bxc3+ 9. bxc3 O-O 10. Be3 d5 11. Bd3 Be6 12. O-O d4 13. cxd4 exd4 14. Bf2 c5
15. Qe2 Nd7 16. Bg3 f5 17. Rfc1 Nb6 18. Bf2 Na4 19. Bc4 Qd7 20. exf5 Bd5 21.
Bxd5+ Qxd5 22. Qe6+ Qxe6 23. fxe6 Nc3 24. Kf1 Rae8 25. Re1 Rf6 26. e7 Nd5 27.
Re5 Rd6 28. Rc1 Rxe7 29. Rxe7 Nxe7 30. c3 Nf5 31. Rd1 Kf7 32. g4 dxc3 33. Rxd6
Nxd6 34. Bxc5 Nc4 35. Bxa7 Nb2 36. Ke2 c2 37. Kd2 Nc4+ 38. Kxc2 Na3+ 39. Kb3
Nb5 40. Bf2 Nc7 41. Bg3 Ne6 42. f4 Nd4+ 43. Kc4 Nc6 44. a4 Na5+ 45. Kb5 Nb7 46.
a5 Nd6+ 47. Kc5 Nb7+ 48. Kb6 Nxa5 49. Kxa5 Kg6 50. g5 Kf5 51. Kb5 Kg6 52. Kc5
Kf5 53. Kd5 Kg6 54. Ke5 Kf7 55. Kf5 g6+ 56. Kg4 Ke6 57. h4 Kf7 58. h5 Kg7 59.
hxg6 hxg6 60. f5 Kf7 61. fxg6+ Kxg6 62. Bf4 Kg7 63. Kh5 Kh7 64. g6+ Kg8 65. Be5
Kf8 66. Kh6 Kg8 67. Bb2 Kf8 68. Kh7 1-0

[Event "DEM U12 2005"]
[Site "Willingen GER"]
[Date "2005.05.20"]
[Round "10"]
[White "Falke, Cynthia"]
[Black "Weber, Max"]
[Result "1/2-1/2"]
[Termination "normal"]
[Board "45"]
[WhiteElo "1190"]
[BlackElo "1128"]
[PlyCount "57"]
[WhiteFideId "24600644"]
[BlackFideId "4624831"]
[EventCountry "GER"]
[EventRounds "11"]
[EventType "swiss"]
[EventDate "2005.05.15"]

1. e4 d5 2. exd5 Qxd5 3. Nc3 Qa5 4. d4 Nf6 5. Nf3 Bg4 6. Be2 e6 7. O-O Bb4 8.
Bd2 c6 9. a3 Bxc3 10. Bxc3 Qc7 11. Re1 O-O 12. h3 Bh5 13. Ng5 Bxe2 14. Rxe2 h6
15. Nf3 Nbd7 16. Qd3 Rfd8 17. Rae1 c5 18. dxc5 Nxc5 19. Qe3 Nd5 20. Qe5 Qxe5
21. Bxe5 Rac8 22. Bd4 Nd7 23. Rd1 Rc7 24. Red2 Rdc8 25. c3 a6 26. Ne5 Nxe5 27.
Bxe5 Rc5 28. Bd4 R5c7 29. Be5 1/2-1/2

[Event "DEM U12 2005"]
[Site "Willingen GER"]
[Date "2005.05.20"]
[Round "10"]
[White "Kormann, Jewgenija"]
[Black "Rau, Carla"]
[Result "1/2-1/2"]
[Termination "normal"]
[Board "46"]
[WhiteElo "1210"]
[BlackElo "1063"]
[PlyCount "79"]
[WhiteFideId "24606669"]
[EventCountry "GER"]
[EventRounds "11"]
[EventType "swiss"]
[EventDate "2005.05.15"]

1. e4 c5 2. Nc3 Nc6 3. Nf3 g6 4. d4 cxd4 5. Nxd4 Bg7 6. Nxc6 bxc6 7. Bd2 Nf6 8.
Bd3 O-O 9. O-O d5 10. exd5 cxd5 11. h3 e6 12. Re1 Bb7 13. Rb1 Re8 14. Bf4 d4
15. Nb5 Nd5 16. Nd6 Re7 17. Nxb7 Rxb7 18. Qf3 Rd7 19. Bb5 Rb7 20. Bc6 Rab8 21.
Bxb7 Rxb7 22. Be5 Bxe5 23. Rxe5 Rb6 24. Ree1 Rd6 25. a3 Nb6 26. Rbd1 Na4 27.
Qb3 Nb6 28. Rd2 Kg7 29. Red1 e5 30. c3 d3 31. Qb5 Rd5 32. Qb4 a5 33. Qb3 e4 34.
a4 Qc7 35. Re1 Nc4 36. Rdd1 Re5 37. Qa2 d2 38. Re2 Qc5 39. Qa1 e3 40. f3
1/2-1/2

[Event "DEM U12 2005"]
[Site "Willingen GER"]
[Date "2005.05.20"]
[Round "10"]
[White "Thiele, Eileen"]
[Black "von Wardenburg, Jendrik"]
[Result "1-0"]
[Termination "normal"]
[Board "47"]
[WhiteElo "929"]
[BlackElo "965"]
[PlyCount "83"]
[EventCountry "GER"]
[EventRounds "11"]
[EventType "swiss"]
[EventDate "2005.05.15"]

1. e4 e5 2. Nf3 Nc6 3. Bc4 Bc5 4. d3 d6 5. h3 h6 6. Nc3 Nf6 7. O-O Be6 8. Bb3
O-O 9. Be3 Bb6 10. Qd2 Bxe3 11. fxe3 Qd7 12. Bxe6 fxe6 13. Rf2 Rf7 14. Raf1
Raf8 15. Qe2 Nh5 16. Nxe5 Ng3 17. Nxd7 Nxe2+ 18. Nxe2 Rxf2 19. Rxf2 Rxf2 20.
Kxf2 Kf7 21. Nf4 Ke7 22. Nf8 Kxf8 23. Nxe6+ Kf7 24. Nxc7 Nb4 25. Nb5 Ke6 26.
Nxa7 Nxc2 27. Ke2 Nb4 28. a3 Na6 29. Nb5 Nc5 30. Nd4+ Kd7 31. Nf5 Ne6 32. Kd2
h5 33. Kc3 g6 34. Nd4 Ng5 35. b4 h4 36. Nf3 Nxf3 37. gxf3 Kc6 38. d4 g5 39. a4
Kc7 40. a5 Kc6 41. Kc4 g4 42. fxg4 1-0